Các vị thần trong phật giáo Trung Quốc

Uloženo v:
Podrobná bibliografie
Hlavní autor: MÃ THƯ ĐIỀN
Médium: Kniha
Jazyk:Undetermined
Vydáno: VHTT 2002
Témata:
Tagy: Přidat tag
Žádné tagy, Buďte první, kdo otaguje tento záznam!
Thư viện lưu trữ: Trung tâm Học liệu Trường Đại học Cần Thơ
LEADER 00454nam a2200145Ia 4500
001 CTU_50171
008 210402s9999 xx 000 0 und d
082 |a 294.343 
100 |a MÃ THƯ ĐIỀN 
245 0 |a Các vị thần trong phật giáo Trung Quốc 
245 0 |c MÃ THƯ ĐIỀN 
260 |b VHTT 
260 |c 2002 
650 |a buddhism - china - customs and practices 
980 |a Trung tâm Học liệu Trường Đại học Cần Thơ